Pays asiatiques - Tapez la première lettre - Statistiques

Statistiques générales
  • Ce quiz a été pris 6 004 fois
  • Le résultat moyen est 27 sur 48
Réponses sur la Carte
Les réponses sont colorées sur une échelle allant du rouge au vert en fonction du pourcentage des utilisateurs qui les ont devinées à leur premier essai. Vous pouvez retrouver ces pourcentages ci-dessous.
 
Statistiques - réponses
pays % Correct
Mongolie
59%
Birmanie
58%
Chine
58%
Corée du Nord
58%
Inde
58%
Japon
58%
Kazakhstan
58%
Philippines
58%
Indonésie
57%
Irak
57%
Laos
57%
Pakistan
57%
Singapour
57%
Taïwan
57%
Turquie
57%
Viêt Nam
57%
Arabie Saoudite
56%
Bangladesh
56%
Bhoutan
56%
Cambodge
56%
Émirats Arabes Unis
56%
Israël
56%
Koweït
56%
Oman
56%
Ouzbékistan
56%
Sri Lanka
56%
Thaïlande
56%
Yémen
56%
Afghanistan
55%
Chypre
55%
Corée du Sud
55%
Jordanie
55%
Maldives
55%
Syrie
55%
Tadjikistan
55%
Timor-Leste
55%
Turkménistan
55%
Arménie
54%
Azerbaïdjan
54%
Géorgie
54%
Iran
54%
Kirghizistan
54%
Malaisie
54%
Népal
54%
Qatar
54%
Bahreïn
53%
Brunei
52%
Liban
52%
Aucun quiz correspondant
Distribution des résultats
% des personnes avec chaque résultat
Percentile par nombre de réponses
Votre historique - résultats
Vous n’avez pas pris ce quiz